Normal view MARC view

Entry Personal Name

Number of records used in: 1

001 - CONTROL NUMBER

  • control field: 1235802

003 - CONTROL NUMBER IDENTIFIER

  • control field: OSt

005 - DATE AND TIME OF LATEST TRANSACTION

  • control field: 20260428101327.0

008 - FIXED-LENGTH DATA ELEMENTS

  • fixed length control field: 260428|| aca||aabn | a|a d

040 ## - CATALOGING SOURCE

  • Original cataloging agency: OSt
  • Transcribing agency: OSt

100 ## - HEADING--PERSONAL NAME

  • Personal name: Roberta L. Millstein

670 ## - SOURCE DATA FOUND

  • Source citation: Work cat.: (OSt)1848585: Roberta L. Millstein, The Land Is Our Community : Aldo Leopold’s Environmental Ethic for the New Millennium, 2024
Copyright @ Delhi University Library System